000 00752nam a2200265Ia 4500
003 OSt
005 20221005035050.0
006 a|||||r|||| 00| 0
007 ta
008 221004b |||||||| |||| 00| 0 urd d
020 _cINR 300.00
024 _a37226
037 _b5139, 31/01/2018, Kitabi Duniya
_cTextual
040 _aCRL
_cCRL
_burd
041 _2urd
_aurd
082 _aO168,1L97:g, Q6
100 _aHaq Abdul Au.
_9176995
245 0 _aGhalib aur Ghalibyat
260 _aDelhi
_bHudson Line India
_c2016
300 _a192p.
_ccm.
650 _a URDU POETRY
650 _aGHALIB
_9177774
942 _hO168,1L97:g, Q6
_cTEXL
_2cc
999 _c944561
_d944561